B10 バス停名クイズ - 南国交通 ver. - Statistics

General Stats
  • This quiz has been taken 19 times
  • The average score is 109 of 395
Answer Stats
Answer % Correct
鹿児島駅前
100%
鹿児島中央駅前
100%
天文館
100%
洗出
67%
池田高校前
67%
伊敷小前
67%
伊敷団地
67%
石谷
67%
石谷小前
67%
いづろ
67%
稲荷町
67%
小野四丁目
67%
かけごし
67%
鹿児島高校前
67%
鹿児島中央駅西口
67%
加治屋町
67%
春日町
67%
鹿実高校前
67%
上花棚
67%
鴨池港
67%
教育センター入口
67%
教育センター前
67%
金生町
67%
グランド前
67%
花棚
67%
県営住宅前
67%
健生苑前
67%
県庁西
67%
県庁前
67%
後庵
67%
栄町
67%
重富
67%
重富駅前
67%
清水町
67%
市役所前
67%
市立病院
67%
市立病院前
67%
新上橋
67%
水族館口
67%
西陵一丁目
67%
西陵二丁目
67%
西陵四丁目
67%
西陵五丁目
67%
西陵六丁目
67%
西陵七丁目
67%
催馬楽
67%
仙巌園前
67%
千石馬場
67%
草牟田
67%
田上
67%
田上小前
67%
高見馬場
67%
滝之神
67%
武岡小前
67%
武岡台高校
67%
武岡団地
67%
武岡団地入口
67%
武岡団地南
67%
武岡団地二丁目
67%
武岡団地五丁目
67%
武岡ハイランド
67%
武中学校下
67%
鶴丸高校前
67%
常盤南
67%
中郡
67%
永吉
67%
西田橋
67%
ハイランド入口
67%
ハイランド中央
67%
ハイランド西
67%
ハイランド東
67%
花岡通
67%
原良
67%
原良西
67%
番屋下
67%
文化工芸村
67%
堀之内(田上)
67%
堀之内(吉田)
67%
真砂保育園前
67%
緑ヶ丘団地入口
67%
緑ヶ丘団地南
67%
都通り
67%
宮之浦団地西
67%
宮之浦団地中央
67%
宮之浦団地北
67%
宮之浦団地東
67%
三船
67%
無線前
67%
明和
67%
明和入口
67%
明和西
67%
明和プラザ前
67%
柳田通り
67%
吉田インター前
67%
吉野公園
67%
吉野支所前
67%
わかくさ保育園前
67%
姶良市役所前
33%
旭ヶ丘中央
33%
荒田八幡
33%
イオンタウン姶良前
33%
伊敷仮屋
33%
伊敷団地中央
33%
伊敷町
33%
伊敷ニュータウン
33%
伊敷ニュータウン中央
33%
伊敷ニュータウン西入口
33%
伊敷ニュータウン東
33%
伊敷ニュータウン東入口
33%
異人館前
33%
一心橋
33%
岩崎
33%
上荒田町
33%
内田
33%
駅上
33%
大久保
33%
大峯団地車庫
33%
大峯団地住宅前
33%
大峯団地中央
33%
大峯団地西
33%
大峯橋
33%
落し
33%
かごしま水族館前
33%
学校前(吉田南中)
33%
鹿大正門前
33%
葛山
33%
葛山入口
33%
上竜尾
33%
上之原(吉野)
33%
蒲生
33%
蒲生支所前
33%
騎射場
33%
給食センター前
33%
共研公園前
33%
楠田
33%
楠田車庫前
33%
花棚入口
33%
県民交流センター前
33%
高速船ターミナル
33%
交通局北営業所前
33%
甲東中学校前
33%
甲南高校前
33%
高麗橋
33%
坂元郵便局前
33%
三文字(菖蒲谷)
33%
三文字(丸岡)
33%
下伊敷
33%
下花棚
33%
下田
33%
下田三文字
33%
修学館前
33%
住宅前(石谷)
33%
住宅前(坂元)
33%
城西公園前
33%
城南小前
33%
消防訓練センター前
33%
少年自然の家入口
33%
商業高校入口
33%
樟南高校前
33%
新照院
33%
神田
33%
新堀
33%
新町(大門口)
33%
西部保健センター前
33%
西陵中前
33%
西陵八丁目
33%
西陵八丁目西
33%
関吉の疎水溝入口
33%
せばる団地
33%
大明ヶ丘入口
33%
大明ヶ丘中央
33%
大明ヶ丘西
33%
大明ヶ丘東
33%
大門口
33%
武田上公民館入口
33%
武二丁目
33%
竪馬場
33%
竪馬場入口
33%
玉江小学校前
33%
中学校前
33%
帖佐
33%
帖佐駅
33%
辻ヶ丘団地
33%
辻ヶ丘団地中央
33%
出口
33%
出口橋
33%
天保山
33%
常安下
33%
ドルフィンポート前
33%
中草牟田
33%
中之平
33%
中別府
33%
中別府団地
33%
永吉団地入口
33%
西田小学校前
33%
西田中ノ丁
33%
西田本通り
33%
二中通
33%
農協会館前
33%
早馬
33%
原良小学校前
33%
日当平住宅中通
33%
日当平住宅
33%
附属小前
33%
法文学部前
33%
北枝
33%
本城(吉田)
33%
饅頭石原
33%
緑ヶ丘団地北
33%
緑ヶ丘団地中央
33%
宮西
33%
宮之浦団地入口
33%
牟礼岡クリニック前
33%
明和一丁目
33%
明和北
33%
明和三丁目
33%
明和小学校前
33%
明和トンネル前
33%
明和東
33%
明和南
33%
柳町
33%
山田
33%
山下小学校前
33%
吉野ゴルフ場
33%
竜ヶ水
33%
竜ヶ水大崎
33%
若葉町西
33%
Aコープ前(大原)
33%
青木水流
0%
飯山
0%
伊敷台中学校
0%
伊敷団地入口
0%
伊敷団地北口
0%
伊敷団地公園前
0%
伊敷脇田
0%
石郷
0%
井之上
0%
岩屋口
0%
後中
0%
内門(吉田)
0%
梅ケ渕
0%
老神
0%
大石様河
0%
大原
0%
大原三文字
0%
お茶の水
0%
帯迫
0%
海水浴場入口
0%
鹿児島アリ-ナ前
0%
鹿児島アリ-ナ西口
0%
柿之迫
0%
鹿大教育学部前
0%
葛山中央
0%
金井迫
0%
川上
0%
川上入口
0%
川上学校前
0%
川添中央
0%
上花倉
0%
上水流
0%
鴨池新町
0%
刈敷
0%
川添(坂元)
0%
観測所前
0%
簡原
0%
玉龍高校前
0%
清滝通
0%
くすくす館
0%
桑之丸
0%
渓谷苑
0%
花倉
0%
花野入口
0%
県住第二団地前
0%
高校前(蒲生)
0%
高麗町
0%
護国神社前
0%
小坂通
0%
コスモス園入口
0%
五反田
0%
米神
0%
ゴルフ場前
0%
細田口
0%
0%
実方入口
0%
実方神社前
0%
三十町
0%
三州原学園前
0%
塩杣口
0%
重富麓
0%
重富麓上
0%
清水小学校前
0%
下川添(坂元)
0%
下町
0%
種鶏場前
0%
菖蒲谷
0%
菖蒲谷入口
0%
菖蒲谷北
0%
菖蒲谷上武
0%
菖蒲谷中
0%
城瀬
0%
白浜
0%
城内
0%
新実方橋
0%
神社入口(菖蒲谷)
0%
仁風学園前
0%
新屋敷
0%
水産学部前
0%
雀ヶ宮
0%
住吉池
0%
せばる団地入口
0%
せばる団地西
0%
精米所前(吉水)
0%
大龍小学校前
0%
高崎
0%
高樋
0%
武岡台高校入口
0%
立平
0%
谷之上
0%
駄馬落
0%
俵原
0%
たんたど
0%
辻ヶ丘団地公園前
0%
皷川
0%
天神山北口
0%
天神山南口
0%
特別支援学校前
0%
豊留
0%
中ノ町
0%
中原
0%
中別府入口
0%
仲町
0%
永吉町
0%
七窪
0%
七社
0%
七社入口
0%
並木
0%
南林寺
0%
西伊敷三丁目
0%
西伊敷六丁目
0%
西伊敷七丁目
0%
仁田尾
0%
仁田尾口
0%
仁田尾団地
0%
日赤前
0%
二本松
0%
ニュータウン中央
0%
農協前(緑ヶ丘)
0%
野首谷
0%
野間下
0%
枦山
0%
枦山上
0%
八幡
0%
発電所前
0%
花岡屋敷
0%
原良三丁目
0%
原良小学校西門前
0%
春山
0%
春山口(川上)
0%
日枝ヶ迫
0%
日枝神社前
0%
東高校下
0%
東坂元四丁目
0%
東佐多
0%
東菖蒲谷
0%
東菖蒲谷三文字
0%
東原
0%
毘沙門
0%
日当平住宅入口
0%
平松
0%
布ケ谷
0%
触田
0%
本町公園前
0%
真砂入口
0%
松十文字
0%
丸岡
0%
緑ヶ丘団地東
0%
宮ヶ迫
0%
みやこ迫
0%
宮之浦神社前
0%
三船校前
0%
牟礼岡二丁目
0%
本長谷
0%
本吉田
0%
森山
0%
山田口
0%
山之口
0%
山之口上
0%
吉田中
0%
吉田麓
0%
吉田東
0%
吉野郵便局前
0%
吉野幼稚園前
0%
吉水
0%
与次郎ヶ浜
0%
米山
0%
No matching quizzes found
Score Distribution
Percent of People with Each Score
Percentile by Number Answered
Your Score History
You have not taken this quiz